Rudolph Ganz : a musical pioneer /

Bibliographic Details
Main Author: Collester, Jeanne Colette, 1941-
Format: Book
Language:English
Published: Metuchen, N.J. : Scarecrow Press, 1995.
Subjects:

MARC

Tag First Indicator Second Indicator Subfields
LEADER 00000cam a2200000 a 4500
001 in00001237315
005 20151003062406.0
008 940307s1995 njua bk 001 0beng
010 |a  94009688  
015 |a GB95-24488 
020 |a 0810828839 (acid-free paper) 
035 |a (OCoLC)30028885 
035 |9 AGS7616AM 
040 |a DLC  |c DLC  |d UKM  |d TXA  |d UtOrBLW 
043 |a n-us--- 
049 |a TXAM 
050 0 0 |a ML417.G26  |b C65 1995 
082 0 0 |a 780/.92  |a B  |2 20 
100 1 |a Collester, Jeanne Colette,  |d 1941- 
245 1 0 |a Rudolph Ganz :  |b a musical pioneer /  |c by Jeanne Colette Collester. 
264 1 |a Metuchen, N.J. :  |b Scarecrow Press,  |c 1995. 
300 |a xiv, 178 pages :  |b illustrations ;  |c 23 cm. 
336 |a text  |b txt  |2 rdacontent 
337 |a unmediated  |b n  |2 rdamedia 
338 |a volume  |b nc  |2 rdacarrier 
504 |a Includes bibliographical references and index. 
500 |a Discography: page 165. 
600 1 0 |a Ganz, Rudolph,  |d 1877-1972. 
650 0 |a Pianists  |z United States  |v Biography. 
650 0 |a Conductors (Music)  |z United States  |v Biography. 
600 1 4 |a Ganz, Rudolph,  |d 1877-1972. 
653 0 |a Music 
653 0 |a United States 
999 |a MARS 
999 f f |s 6ef17247-9f43-3471-a677-0c2fbdeb6c0f  |i be0e97ff-9ff6-37cb-b029-e14c685a58e5  |t 0 
952 f f |p ric  |a Texas A&M University  |b Rellis Campus  |c Joint Library Facility  |d Remote Storage  |t 0  |e ML417.G26 C65 1995  |h Library of Congress classification  |i unmediated -- volume  |m A14819264985 
998 f f |a ML417.G26 C65 1995  |t 0  |l Remote Storage